In quest of the universe / (Record no. 523479)

000 -LEADER
fixed length control field 01077cam a2200325 a 4500
001 - CONTROL NUMBER
control field 15801559
003 - CONTROL NUMBER IDENTIFIER
control field NUST
005 - DATE AND TIME OF LATEST TRANSACTION
control field 20190325073354.0
007 - PHYSICAL DESCRIPTION FIXED FIELD--GENERAL INFORMATION
fixed length control field co |g|||||||||
008 - FIXED-LENGTH DATA ELEMENTS--GENERAL INFORMATION
fixed length control field 090702s2011 maua b 001 0 eng
010 ## - LIBRARY OF CONGRESS CONTROL NUMBER
LC control number 2009027210
020 ## - INTERNATIONAL STANDARD BOOK NUMBER
International Standard Book Number 9780763768584 (alk. paper)
020 ## - INTERNATIONAL STANDARD BOOK NUMBER
International Standard Book Number 0763768588 (alk. paper)
035 ## - SYSTEM CONTROL NUMBER
System control number (OCoLC)ocn436310636
038 ## - RECORD CONTENT LICENSOR
Staff Name Nusrat Nadeem
040 ## - CATALOGING SOURCE
Original cataloging agency DLC
Transcribing agency DLC
Modifying agency YDX
-- YDXCP
-- DLC
050 00 - LIBRARY OF CONGRESS CALL NUMBER
Classification number QB45.2
Item number .K84 2011
082 00 - DEWEY DECIMAL CLASSIFICATION NUMBER
Classification number 520
Edition number 22
100 1# - MAIN ENTRY--PERSONAL NAME
Personal name Koupelis, Theo.
9 (RLIN) 13919
245 10 - TITLE STATEMENT
Title In quest of the universe /
Statement of responsibility, etc. Theo Koupelis.
246 30 - VARYING FORM OF TITLE
Title proper/short title Universe
250 ## - EDITION STATEMENT
Edition statement 6th ed.
260 ## - PUBLICATION, DISTRIBUTION, ETC.
Place of publication, distribution, etc. Sudbury, Mass. :
Name of publisher, distributor, etc. Jones and Bartlett Publishers,
Date of publication, distribution, etc. c2011.
300 ## - PHYSICAL DESCRIPTION
Extent xxii, 614 p. :
Other physical details ill. (some col.) ;
Dimensions 28 cm. +
Accompanying material 1 DVD-ROM (4 3/4 in.)
504 ## - BIBLIOGRAPHY, ETC. NOTE
Bibliography, etc. note Includes bibliographical references and index.
650 #0 - SUBJECT ADDED ENTRY--TOPICAL TERM
Topical term or geographic name entry element Astronomy
Form subdivision Textbooks.
9 (RLIN) 13920
906 ## - LOCAL DATA ELEMENT F, LDF (RLIN)
a 7
b cbc
c orignew
d 1
e ecip
f 20
g y-gencatlg
942 ## - ADDED ENTRY ELEMENTS (KOHA)
Source of classification or shelving scheme
Koha item type Book
Holdings
Withdrawn status Lost status Source of classification or shelving scheme Damaged status Not for loan Permanent Location Current Location Shelving location Date acquired Total Checkouts Full call number Barcode Date last seen Price effective from Koha item type
          School of Interdisciplinary Engineering and Sciences (SINES) School of Interdisciplinary Engineering and Sciences (SINES) General Stacks 03/25/2019   520 RCMS003040 03/25/2019 03/25/2019 Book
© 2023 Central Library, National University of Sciences and Technology. All Rights Reserved.